[Event "Open"]
[Site "Maastricht, NL"]
[Date "2024.05.19"]
[Round "4"]
[White "Leenhouts, Koen"]
[Black "Fromm, Marius"]
[Result "1/2-1/2"]
[Board "2"]
[WhiteFideId "1008439"]
[BlackFideId "12993190"]
[WhiteTitle "GM"]
[BlackTitle "IM"]
[WhiteElo "2453"]
[BlackElo "2466"]
[WhiteTeam "NED"]
[BlackTeam "GER"]
[WhiteClock "0:04:39"]
[BlackClock "0:06:02"]
[Variant "Standard"]

1. d4 {[%clk 1:57:53]}  Nf6 {[%clk 2:00:17]} 2. c4 {[%clk 1:58:03]}  e6 {[%clk 2:00:28]} 3. Nc3 {[%clk 1:58:02]}  Bb4 {[%clk 2:00:14]} 4. f3 {[%clk 1:58:10]}  d5 {[%clk 1:52:17]} 5. a3 {[%clk 1:57:39]}  Be7 {[%clk 1:52:28]} 6. e4 {[%clk 1:57:39]}  dxc4 {[%clk 1:52:36]} 7. Bxc4 {[%clk 1:57:41]}  c5 {[%clk 1:47:52]} 8. Nge2 {[%clk 1:57:48]}  O-O {[%clk 1:46:11]} 9. Be3 {[%clk 1:57:58]}  Nc6 {[%clk 1:45:11]} 10. dxc5 {[%clk 1:58:08]}  Ne5 {[%clk 1:44:57]} 11. Ba2 {[%clk 1:58:21]}  Nd3+ {[%clk 1:44:06]} 12. Kf1 {[%clk 1:58:33]}  b6 {[%clk 1:43:30]} 13. c6 {[%clk 1:58:46]}  Ne5 {[%clk 1:35:53]} 14. Qxd8 {[%clk 1:55:00]}  Rxd8 {[%clk 1:36:00]} 15. b4 {[%clk 1:54:52]}  Nxc6 {[%clk 1:35:38]} 16. Kf2 {[%clk 1:54:52]}  Ne5 {[%clk 1:32:07]} 17. Rhd1 {[%clk 1:50:12]}  Ba6 {[%clk 1:28:40]} 18. b5 {[%clk 1:26:37]}  Bb7 {[%clk 1:27:59]} 19. a4 {[%clk 1:26:29]}  Nd3+ {[%clk 1:22:47]} 20. Kf1 {[%clk 1:22:13]}  Rac8 {[%clk 1:23:00]} 21. a5 {[%clk 1:15:33]}  bxa5 {[%clk 0:55:11]} 22. Bxa7 {[%clk 1:12:32]}  Bc5 {[%clk 0:54:20]} 23. Bxc5 {[%clk 1:03:01]}  Nxc5 {[%clk 0:54:24]} 24. Rxd8+ {[%clk 1:01:27]}  Rxd8 {[%clk 0:54:36]} 25. Rd1 {[%clk 0:57:49]}  Rxd1+ {[%clk 0:51:54]} 26. Nxd1 {[%clk 0:57:28]}  Nfd7 {[%clk 0:49:11]} 27. Ke1 {[%clk 0:53:41]}  Kf8 {[%clk 0:48:55]} 28. Kd2 {[%clk 0:53:40]}  Ke7 {[%clk 0:48:07]} 29. Ne3 {[%clk 0:51:17]}  Ne5 {[%clk 0:45:11]} 30. Kc3 {[%clk 0:48:31]}  Kd6 {[%clk 0:43:48]} 31. Kd4 {[%clk 0:46:28]}  g5 {[%clk 0:43:55]} 32. Bc4 {[%clk 0:19:51]}  Bc8 {[%clk 0:42:45]} 33. Ba2 {[%clk 0:17:59]}  Bd7 {[%clk 0:41:55]} 34. Nc3 {[%clk 0:17:48]}  f6 {[%clk 0:38:28]} 35. Nc2 {[%clk 0:16:07]}  h5 {[%clk 0:37:14]} 36. Ke3 {[%clk 0:15:07]}  Ncd3 {[%clk 0:28:14]} 37. Nd4 {[%clk 0:12:01]}  Nb2 {[%clk 0:25:03]} 38. g3 {[%clk 0:10:50]}  h4 {[%clk 0:18:00]} 39. gxh4 {[%clk 0:09:39]}  gxh4 {[%clk 0:18:14]} 40. f4 {[%clk 0:09:27]}  Nec4+ {[%clk 0:12:45]} 41. Bxc4 {[%clk 0:06:01]}  Nxc4+ {[%clk 0:12:59]} 42. Kd3 {[%clk 0:06:05]}  Kc5 {[%clk 0:11:23]} 43. e5 {[%clk 0:03:48]}  fxe5 {[%clk 0:07:39]} 44. Ne4+ {[%clk 0:04:01]}  Kb4 {[%clk 0:06:06]} 45. Nc2+ {[%clk 0:04:02]}  Kxb5 {[%clk 0:06:11]} 46. Nc3+ {[%clk 0:04:15]}  Kc5 {[%clk 0:05:53]} 47. Ne4+ {[%clk 0:04:28]}  Kb5 {[%clk 0:05:50]} 48. Nc3+ {[%clk 0:04:39]}  Kc5 {[%clk 0:06:02]} 49. Ke4 {[%clk 0:04:39]} 1/2-1/2

[Event "Open"]
[Site "Maastricht, NL"]
[Date "2024.05.19"]
[Round "4"]
[White "Warmerdam, Max"]
[Black "Kopylov, Michael"]
[Result "1-0"]
[Board "3"]
[WhiteFideId "1048104"]
[BlackFideId "14105080"]
[WhiteTitle "GM"]
[BlackTitle "IM"]
[WhiteElo "2652"]
[BlackElo "2376"]
[WhiteTeam "NED"]
[BlackTeam "UKR"]
[WhiteClock "0:43:43"]
[BlackClock "0:08:21"]
[Variant "Standard"]

1. Nf3 {[%clk 1:56:36]}  d5 {[%clk 1:59:09]} 2. g3 {[%clk 1:56:42]}  Nf6 {[%clk 1:57:19]} 3. Bg2 {[%clk 1:56:51]}  g6 {[%clk 1:55:07]} 4. c4 {[%clk 1:56:47]}  Bg7 {[%clk 1:48:48]} 5. cxd5 {[%clk 1:56:55]}  Nxd5 {[%clk 1:49:00]} 6. h4 {[%clk 1:57:01]}  Nc6 {[%clk 1:43:31]} 7. h5 {[%clk 1:49:37]}  Bg4 {[%clk 1:38:35]} 8. h6 {[%clk 1:42:09]}  Bf6 {[%clk 1:36:00]} 9. Nc3 {[%clk 1:42:17]}  Qd7 {[%clk 1:33:53]} 10. O-O {[%clk 1:39:19]}  O-O-O {[%clk 1:23:37]} 11. Nxd5 {[%clk 1:22:37]}  Qxd5 {[%clk 1:23:29]} 12. Nh2 {[%clk 1:22:47]}  Qe6 {[%clk 1:21:48]} 13. Nxg4 {[%clk 1:22:56]}  Qxg4 {[%clk 1:21:59]} 14. Bf3 {[%clk 1:22:57]}  Qh3 {[%clk 1:10:14]} 15. e3 {[%clk 1:09:39]}  Qxh6 {[%clk 1:01:52]} 16. d4 {[%clk 1:09:08]}  Qg5 {[%clk 0:55:15]} 17. Bd2 {[%clk 0:57:48]}  h5 {[%clk 0:43:28]} 18. Rc1 {[%clk 0:57:26]}  Qf5 {[%clk 0:31:48]} 19. Qe2 {[%clk 0:48:04]}  Rxd4 {[%clk 0:21:04]} 20. Bxc6 {[%clk 0:44:44]}  Rxd2 {[%clk 0:20:43]} 21. Qxd2 {[%clk 0:44:52]}  bxc6 {[%clk 0:20:53]} 22. Rxc6 {[%clk 0:45:03]}  Be5 {[%clk 0:17:07]} 23. Rfc1 {[%clk 0:43:47]}  Bd6 {[%clk 0:08:26]} 24. Qc3 {[%clk 0:43:33]}  Qe5 {[%clk 0:08:21]} 25. Rxc7+ {[%clk 0:43:43]} 1-0

[Event "Open"]
[Site "Maastricht, NL"]
[Date "2024.05.19"]
[Round "4"]
[White "Elgersma, Onno"]
[Black "Lagarde, Maxime"]
[Result "1/2-1/2"]
[Board "4"]
[WhiteFideId "1053531"]
[BlackFideId "662399"]
[WhiteTitle "FM"]
[BlackTitle "GM"]
[WhiteElo "2327"]
[BlackElo "2622"]
[WhiteTeam "NED"]
[BlackTeam "FRA"]
[WhiteClock "1:09:06"]
[BlackClock "1:17:46"]
[Variant "Standard"]

1. e4 {[%clk 2:00:26]}  c5 {[%clk 1:50:26]} 2. Nf3 {[%clk 2:00:37]}  e6 {[%clk 1:50:36]} 3. d4 {[%clk 2:00:30]}  cxd4 {[%clk 1:50:42]} 4. Nxd4 {[%clk 2:00:38]}  Nf6 {[%clk 1:50:54]} 5. Nc3 {[%clk 2:00:41]}  Nc6 {[%clk 1:51:05]} 6. a3 {[%clk 2:00:06]}  d6 {[%clk 1:51:04]} 7. Be3 {[%clk 1:54:37]}  Be7 {[%clk 1:51:13]} 8. Be2 {[%clk 1:50:38]}  O-O {[%clk 1:50:46]} 9. O-O {[%clk 1:50:24]}  e5 {[%clk 1:50:44]} 10. Nb3 {[%clk 1:46:43]}  Be6 {[%clk 1:50:18]} 11. Qd3 {[%clk 1:35:27]}  Na5 {[%clk 1:42:59]} 12. Nxa5 {[%clk 1:32:04]}  Qxa5 {[%clk 1:43:10]} 13. Rfd1 {[%clk 1:25:33]}  Rfc8 {[%clk 1:32:17]} 14. Nd5 {[%clk 1:21:21]}  Bxd5 {[%clk 1:23:54]} 15. exd5 {[%clk 1:21:30]}  Qd8 {[%clk 1:23:52]} 16. c4 {[%clk 1:15:40]}  Nd7 {[%clk 1:21:51]} 17. b4 {[%clk 1:12:59]}  Bg5 {[%clk 1:21:18]} 18. Rac1 {[%clk 1:09:06]}  Bxe3 {[%clk 1:17:46]} 1/2-1/2

[Event "Open"]
[Site "Maastricht, NL"]
[Date "2024.05.19"]
[Round "5"]
[White "Beerdsen, Thomas"]
[Black "Warmerdam, Max"]
[Result "1/2-1/2"]
[Board "1"]
[WhiteFideId "1030108"]
[BlackFideId "1048104"]
[WhiteTitle "GM"]
[BlackTitle "GM"]
[WhiteElo "2501"]
[BlackElo "2652"]
[WhiteTeam "NED"]
[BlackTeam "NED"]
[WhiteClock "0:02:00"]
[BlackClock "0:03:09"]
[Variant "Standard"]

1. e4 {[%clk 1:53:14]}  c6 {[%clk 1:55:37]} 2. d4 {[%clk 1:48:09]}  d5 {[%clk 1:55:15]} 3. exd5 {[%clk 1:48:02]}  cxd5 {[%clk 1:55:20]} 4. Bd3 {[%clk 1:48:02]}  Nf6 {[%clk 1:55:07]} 5. c3 {[%clk 1:44:53]}  Bg4 {[%clk 1:55:17]} 6. Qb3 {[%clk 1:42:13]}  Qc7 {[%clk 1:55:27]} 7. h3 {[%clk 1:40:17]}  Bh5 {[%clk 1:53:58]} 8. Bg5 {[%clk 1:35:24]}  e6 {[%clk 1:51:58]} 9. Nd2 {[%clk 1:34:46]}  Nc6 {[%clk 1:47:38]} 10. Ngf3 {[%clk 1:29:31]}  Bd6 {[%clk 1:47:26]} 11. O-O {[%clk 1:29:20]}  O-O-O {[%clk 1:42:38]} 12. Bb5 {[%clk 1:23:55]}  h6 {[%clk 1:32:14]} 13. Be3 {[%clk 1:21:50]}  Kb8 {[%clk 1:32:22]} 14. Rac1 {[%clk 1:15:27]}  g5 {[%clk 1:02:39]} 15. Bxc6 {[%clk 1:01:36]}  Qxc6 {[%clk 1:01:57]} 16. Ne5 {[%clk 1:00:06]}  Qa6 {[%clk 0:42:55]} 17. c4 {[%clk 0:48:12]}  Ka8 {[%clk 0:23:56]} 18. c5 {[%clk 0:42:54]}  Bxe5 {[%clk 0:23:12]} 19. dxe5 {[%clk 0:43:04]}  d4 {[%clk 0:23:19]} 20. exf6 {[%clk 0:37:54]}  dxe3 {[%clk 0:23:23]} 21. Qxe3 {[%clk 0:30:08]}  Rd3 {[%clk 0:23:08]} 22. Qe1 {[%clk 0:29:54]}  g4 {[%clk 0:18:06]} 23. h4 {[%clk 0:22:39]}  g3 {[%clk 0:16:56]} 24. f3 {[%clk 0:19:20]}  Rg8 {[%clk 0:10:43]} 25. Ne4 {[%clk 0:14:03]}  Qa4 {[%clk 0:10:48]} 26. Rc3 {[%clk 0:10:11]}  Qd4+ {[%clk 0:09:42]} 27. Kh1 {[%clk 0:10:07]}  Rxf3 {[%clk 0:08:48]} 28. Rfxf3 {[%clk 0:06:34]}  Bxf3 {[%clk 0:08:43]} 29. Rxf3 {[%clk 0:06:22]}  Rg4 {[%clk 0:08:53]} 30. Rxg3 {[%clk 0:04:40]}  Rxh4+ {[%clk 0:09:04]} 31. Rh3 {[%clk 0:04:54]}  Rxe4 {[%clk 0:09:09]} 32. Qg3 {[%clk 0:02:07]}  a5 {[%clk 0:07:52]} 33. c6 {[%clk 0:01:43]}  bxc6 {[%clk 0:07:49]} 34. Rxh6 {[%clk 0:01:37]}  Kb7 {[%clk 0:07:50]} 35. Rh8 {[%clk 0:01:19]}  Re5 {[%clk 0:07:24]} 36. Rh7 {[%clk 0:01:22]}  Qd1+ {[%clk 0:03:44]} 37. Kh2 {[%clk 0:01:35]}  Rh5+ {[%clk 0:03:58]} 38. Rxh5 {[%clk 0:01:48]}  Qxh5+ {[%clk 0:04:11]} 39. Kg1 {[%clk 0:02:02]}  Qc5+ {[%clk 0:04:25]} 40. Kh2 {[%clk 0:01:43]}  Qh5+ {[%clk 0:04:31]} 41. Kg1 {[%clk 0:01:56]}  Qd5 {[%clk 0:04:29]} 42. b3 {[%clk 0:00:28]}  Qd4+ {[%clk 0:02:59]} 43. Kh2 {[%clk 0:00:24]}  Qxf6 {[%clk 0:03:10]} 44. Qd6 {[%clk 0:00:38]}  Qh4+ {[%clk 0:01:54]} 45. Kg1 {[%clk 0:00:51]}  Qe1+ {[%clk 0:02:08]} 46. Kh2 {[%clk 0:01:05]}  Qh4+ {[%clk 0:02:22]} 47. Kg1 {[%clk 0:01:19]}  Qe1+ {[%clk 0:02:35]} 48. Kh2 {[%clk 0:01:30]}  f5 {[%clk 0:02:49]} 49. Qd7+ {[%clk 0:01:02]}  Kb6 {[%clk 0:03:03]} 50. Qd4+ {[%clk 0:00:58]}  Ka6 {[%clk 0:02:35]} 51. Qd3+ {[%clk 0:01:09]}  Kb7 {[%clk 0:02:19]} 52. Qd7+ {[%clk 0:01:22]}  Kb6 {[%clk 0:02:30]} 53. Qd4+ {[%clk 0:01:27]}  Kc7 {[%clk 0:02:12]} 54. Qa7+ {[%clk 0:00:43]}  Kc8 {[%clk 0:02:12]} 55. Qa8+ {[%clk 0:00:46]}  Kd7 {[%clk 0:02:25]} 56. Qa7+ {[%clk 0:00:42]}  Ke8 {[%clk 0:02:29]} 57. Qb8+ {[%clk 0:00:29]}  Kf7 {[%clk 0:02:41]} 58. Qc7+ {[%clk 0:00:38]}  Kf6 {[%clk 0:02:03]} 59. Qd8+ {[%clk 0:00:35]}  Ke5 {[%clk 0:01:59]} 60. Qc7+ {[%clk 0:00:45]}  Kd5 {[%clk 0:01:51]} 61. Qd7+ {[%clk 0:00:54]}  Kc5 {[%clk 0:02:02]} 62. Qe7+ {[%clk 0:00:41]}  Kd4 {[%clk 0:01:33]} 63. Qd8+ {[%clk 0:00:24]}  Ke4 {[%clk 0:01:40]} 64. Qd6 {[%clk 0:00:24]}  Qh4+ {[%clk 0:01:05]} 65. Kg1 {[%clk 0:00:37]}  Qe1+ {[%clk 0:01:18]} 66. Kh2 {[%clk 0:00:51]}  Qc3 {[%clk 0:00:59]} 67. Qxe6+ {[%clk 0:00:48]}  Qe5+ {[%clk 0:01:13]} 68. Qxe5+ {[%clk 0:01:01]}  Kxe5 {[%clk 0:01:27]} 69. Kh3 {[%clk 0:00:21]}  c5 {[%clk 0:01:36]} 70. Kh4 {[%clk 0:00:21]}  f4 {[%clk 0:00:55]} 71. Kg5 {[%clk 0:00:24]}  a4 {[%clk 0:01:03]} 72. bxa4 {[%clk 0:00:19]}  c4 {[%clk 0:00:55]} 73. a5 {[%clk 0:00:33]}  f3 {[%clk 0:01:09]} 74. gxf3 {[%clk 0:00:40]}  c3 {[%clk 0:01:23]} 75. a6 {[%clk 0:00:46]}  c2 {[%clk 0:01:29]} 76. f4+ {[%clk 0:00:58]}  Ke6 {[%clk 0:01:37]} 77. a7 {[%clk 0:01:11]}  c1=Q {[%clk 0:01:50]} 78. a8=Q {[%clk 0:01:24]}  Qg1+ {[%clk 0:01:57]} 79. Kh4 {[%clk 0:01:25]}  Qh2+ {[%clk 0:02:04]} 80. Kg4 {[%clk 0:01:38]}  Qg1+ {[%clk 0:02:17]} 81. Kh3 {[%clk 0:01:40]}  Qf1+ {[%clk 0:02:20]} 82. Qg2 {[%clk 0:01:24]}  Qxf4 {[%clk 0:02:31]} 83. Qc6+ {[%clk 0:01:31]}  Qd6 {[%clk 0:02:42]} 84. Qe4+ {[%clk 0:01:36]}  Qe5 {[%clk 0:02:55]} 85. Qc6+ {[%clk 0:01:47]}  Qd6 {[%clk 0:03:09]} 86. Qe4+ {[%clk 0:02:00]} 1/2-1/2

[Event "Open"]
[Site "Maastricht, NL"]
[Date "2024.05.19"]
[Round "5"]
[White "Gurevich, Mikhail"]
[Black "Fromm, Marius"]
[Result "1/2-1/2"]
[Board "2"]
[WhiteFideId "200930"]
[BlackFideId "12993190"]
[WhiteTitle "GM"]
[BlackTitle "IM"]
[WhiteElo "2562"]
[BlackElo "2466"]
[WhiteTeam "BEL"]
[BlackTeam "GER"]
[WhiteClock "1:17:08"]
[BlackClock "1:09:08"]
[Variant "Standard"]

1. c4 {[%clk 1:59:05]}  e5 {[%clk 2:00:02]} 2. Nc3 {[%clk 1:59:13]}  Nf6 {[%clk 2:00:14]} 3. Nf3 {[%clk 1:59:22]}  Nc6 {[%clk 2:00:25]} 4. a3 {[%clk 1:59:30]}  g6 {[%clk 1:57:37]} 5. g3 {[%clk 1:59:13]}  Bg7 {[%clk 1:57:40]} 6. Bg2 {[%clk 1:59:21]}  O-O {[%clk 1:57:25]} 7. d3 {[%clk 1:59:29]}  Re8 {[%clk 1:48:30]} 8. O-O {[%clk 1:56:44]}  d6 {[%clk 1:46:00]} 9. Rb1 {[%clk 1:52:08]}  a5 {[%clk 1:44:42]} 10. Bg5 {[%clk 1:46:53]}  h6 {[%clk 1:43:56]} 11. Bxf6 {[%clk 1:47:01]}  Bxf6 {[%clk 1:43:48]} 12. b4 {[%clk 1:46:33]}  axb4 {[%clk 1:43:58]} 13. axb4 {[%clk 1:46:41]}  Bg7 {[%clk 1:41:58]} 14. b5 {[%clk 1:45:50]}  Ne7 {[%clk 1:41:53]} 15. Qc2 {[%clk 1:39:42]}  c6 {[%clk 1:40:34]} 16. Nd2 {[%clk 1:39:22]}  Qc7 {[%clk 1:38:08]} 17. Rfc1 {[%clk 1:38:06]}  Be6 {[%clk 1:36:38]} 18. Qb3 {[%clk 1:38:10]}  Rec8 {[%clk 1:20:23]} 19. Ra1 {[%clk 1:29:34]}  Qd8 {[%clk 1:17:03]} 20. Ra4 {[%clk 1:18:56]}  Rxa4 {[%clk 1:13:29]} 21. Nxa4 {[%clk 1:17:46]}  Ra8 {[%clk 1:10:39]} 22. Nc3 {[%clk 1:17:29]}  d5 {[%clk 1:09:08]} 23. bxc6 {[%clk 1:17:08]} 1/2-1/2

[Event "Open"]
[Site "Maastricht, NL"]
[Date "2024.05.19"]
[Round "5"]
[White "De Rycke, Tyani"]
[Black "Kunin, Vitaly"]
[Result "0-1"]
[Board "3"]
[WhiteFideId "247936"]
[BlackFideId "4128737"]
[WhiteTitle "WFM"]
[BlackTitle "GM"]
[WhiteElo "2096"]
[BlackElo "2522"]
[WhiteTeam "BEL"]
[BlackTeam "GER"]
[WhiteClock "0:00:32"]
[BlackClock "0:02:42"]
[Variant "Standard"]

1. e4 {[%clk 2:00:27]}  c5 {[%clk 1:59:52]} 2. Nc3 {[%clk 2:00:37]}  Nc6 {[%clk 1:58:56]} 3. g3 {[%clk 2:00:43]}  g6 {[%clk 1:59:00]} 4. Bg2 {[%clk 2:00:52]}  Bg7 {[%clk 1:59:04]} 5. d3 {[%clk 2:00:58]}  d6 {[%clk 1:59:10]} 6. Be3 {[%clk 2:01:05]}  Rb8 {[%clk 1:58:07]} 7. Qd2 {[%clk 2:01:01]}  b5 {[%clk 1:57:57]} 8. f4 {[%clk 2:00:06]}  b4 {[%clk 1:57:05]} 9. Nd1 {[%clk 2:00:12]}  Bb7 {[%clk 1:53:20]} 10. Ne2 {[%clk 1:59:27]}  Nf6 {[%clk 1:47:10]} 11. h3 {[%clk 1:59:24]}  O-O {[%clk 1:46:59]} 12. O-O {[%clk 1:59:12]}  Nd7 {[%clk 1:40:17]} 13. g4 {[%clk 1:55:55]}  c4 {[%clk 1:33:34]} 14. d4 {[%clk 1:49:20]}  c3 {[%clk 1:32:04]} 15. bxc3 {[%clk 1:45:15]}  Ba6 {[%clk 1:30:53]} 16. e5 {[%clk 1:39:39]}  bxc3 {[%clk 1:27:44]} 17. Ndxc3 {[%clk 1:38:18]}  Na5 {[%clk 1:27:48]} 18. Bf2 {[%clk 1:30:05]}  Nc4 {[%clk 1:15:21]} 19. Qc1 {[%clk 1:28:01]}  e6 {[%clk 1:03:40]} 20. exd6 {[%clk 1:18:33]}  Ndb6 {[%clk 1:02:30]} 21. Re1 {[%clk 1:16:14]}  Nxd6 {[%clk 1:01:34]} 22. Rb1 {[%clk 1:10:08]}  Bb7 {[%clk 0:53:32]} 23. Bxb7 {[%clk 1:06:50]}  Rxb7 {[%clk 0:53:35]} 24. Rd1 {[%clk 1:00:20]}  Qc8 {[%clk 0:50:10]} 25. Rd3 {[%clk 0:56:16]}  Nbc4 {[%clk 0:47:32]} 26. Ng3 {[%clk 0:45:04]}  Rxb1 {[%clk 0:44:24]} 27. Nxb1 {[%clk 0:43:34]}  Qa6 {[%clk 0:43:37]} 28. Na3 {[%clk 0:40:55]}  Rc8 {[%clk 0:42:12]} 29. Rb3 {[%clk 0:35:18]}  Na5 {[%clk 0:38:48]} 30. Rb1 {[%clk 0:29:52]}  Nc6 {[%clk 0:36:25]} 31. Qb2 {[%clk 0:18:49]}  Nxd4 {[%clk 0:27:32]} 32. Bxd4 {[%clk 0:17:59]}  Bxd4+ {[%clk 0:27:38]} 33. Qxd4 {[%clk 0:18:07]}  Qxa3 {[%clk 0:27:44]} 34. Nf1 {[%clk 0:15:17]}  Qxa2 {[%clk 0:25:27]} 35. Ra1 {[%clk 0:14:19]}  Nb5 {[%clk 0:24:47]} 36. Rxa2 {[%clk 0:08:55]}  Nxd4 {[%clk 0:24:35]} 37. Ne3 {[%clk 0:06:07]}  Ne2+ {[%clk 0:23:56]} 38. Kf2 {[%clk 0:03:34]}  Nxf4 {[%clk 0:23:54]} 39. Kg3 {[%clk 0:01:56]}  g5 {[%clk 0:20:31]} 40. c4 {[%clk 0:01:15]}  Rc7 {[%clk 0:20:10]} 41. h4 {[%clk 0:00:59]}  h6 {[%clk 0:20:18]} 42. hxg5 {[%clk 0:01:11]}  hxg5 {[%clk 0:20:26]} 43. Kf3 {[%clk 0:01:13]}  Kf8 {[%clk 0:19:28]} 44. Ra5 {[%clk 0:00:48]}  f6 {[%clk 0:19:32]} 45. Ke4 {[%clk 0:00:52]}  Ke7 {[%clk 0:19:30]} 46. Ra6 {[%clk 0:00:37]}  Kd7 {[%clk 0:19:09]} 47. Kd4 {[%clk 0:00:47]}  Kc8 {[%clk 0:18:38]} 48. c5 {[%clk 0:00:46]}  Rd7+ {[%clk 0:17:27]} 49. Kc4 {[%clk 0:00:47]}  Kb8 {[%clk 0:14:36]} 50. Nc2 {[%clk 0:00:26]}  Rd1 {[%clk 0:11:52]} 51. Nb4 {[%clk 0:00:20]}  Rc1+ {[%clk 0:11:48]} 52. Kb5 {[%clk 0:00:29]}  Rb1 {[%clk 0:11:54]} 53. Kc4 {[%clk 0:00:38]}  Rd1 {[%clk 0:06:25]} 54. Kb5 {[%clk 0:00:40]}  Kb7 {[%clk 0:05:25]} 55. c6+ {[%clk 0:00:47]}  Kb8 {[%clk 0:05:35]} 56. Ra2 {[%clk 0:00:23]}  Nd3 {[%clk 0:02:54]} 57. Na6+ {[%clk 0:00:19]}  Kc8 {[%clk 0:03:08]} 58. Rh2 {[%clk 0:00:24]}  Ne5 {[%clk 0:02:34]} 59. c7 {[%clk 0:00:18]}  Rd5+ {[%clk 0:02:28]} 60. Kb4 {[%clk 0:00:25]}  Nc6+ {[%clk 0:02:14]} 61. Kc4 {[%clk 0:00:34]}  Ne7 {[%clk 0:01:53]} 62. Rh8+ {[%clk 0:00:23]}  Kb7 {[%clk 0:02:06]} 63. c8=Q+ {[%clk 0:00:17]}  Nxc8 {[%clk 0:02:20]} 64. Nc5+ {[%clk 0:00:30]}  Kb8 {[%clk 0:02:20]} 65. Na6+ {[%clk 0:00:33]}  Kb7 {[%clk 0:02:26]} 66. Nc5+ {[%clk 0:00:47]}  Kc7 {[%clk 0:02:02]} 67. Nxe6+ {[%clk 0:00:25]}  Kd6 {[%clk 0:02:16]} 68. Nd4 {[%clk 0:00:17]}  Nb6+ {[%clk 0:02:30]} 69. Kc3 {[%clk 0:00:29]}  Ke5 {[%clk 0:02:22]} 70. Re8+ {[%clk 0:00:31]}  Kf4 {[%clk 0:02:35]} 71. Rf8 {[%clk 0:00:37]}  Rd6 {[%clk 0:02:30]} 72. Nb5 {[%clk 0:00:36]}  Rc6+ {[%clk 0:02:38]} 73. Kd3 {[%clk 0:00:47]}  a6 {[%clk 0:02:18]} 74. Nd4 {[%clk 0:00:45]}  Rd6 {[%clk 0:02:32]} 75. Rf7 {[%clk 0:00:42]}  Nd7 {[%clk 0:02:33]} 76. Kc3 {[%clk 0:00:32]}  Kxg4 {[%clk 0:02:42]} 0-1

[Event "Open"]
[Site "Maastricht, NL"]
[Date "2024.05.19"]
[Round "5"]
[White "Lagarde, Maxime"]
[Black "Sidiropoulos, Nikolaos Ch."]
[Result "1-0"]
[Board "4"]
[WhiteFideId "662399"]
[BlackFideId "4240065"]
[WhiteTitle "GM"]
[WhiteElo "2622"]
[BlackElo "2201"]
[WhiteTeam "FRA"]
[BlackTeam "GRE"]
[WhiteClock "0:48:12"]
[BlackClock "0:35:27"]
[Variant "Standard"]

1. e4 {[%clk 1:48:43]}  e6 {[%clk 2:00:13]} 2. d4 {[%clk 1:48:18]}  d5 {[%clk 2:00:23]} 3. Nc3 {[%clk 1:48:10]}  Nf6 {[%clk 2:00:26]} 4. Bg5 {[%clk 1:47:48]}  dxe4 {[%clk 2:00:29]} 5. Nxe4 {[%clk 1:47:51]}  Nbd7 {[%clk 2:00:38]} 6. Nf3 {[%clk 1:47:13]}  Be7 {[%clk 2:00:32]} 7. Nxf6+ {[%clk 1:39:31]}  Bxf6 {[%clk 2:00:37]} 8. h4 {[%clk 1:37:38]}  c5 {[%clk 1:53:32]} 9. Qd2 {[%clk 1:31:24]}  cxd4 {[%clk 1:47:43]} 10. O-O-O {[%clk 1:20:03]}  Qb6 {[%clk 1:39:35]} 11. Nxd4 {[%clk 1:16:38]}  O-O {[%clk 1:29:32]} 12. Bc4 {[%clk 1:09:45]}  Qxd4 {[%clk 1:07:44]} 13. Qxd4 {[%clk 1:09:51]}  Bxd4 {[%clk 1:07:58]} 14. Rxd4 {[%clk 1:10:00]}  Nb6 {[%clk 1:07:38]} 15. Bb5 {[%clk 0:59:29]}  f6 {[%clk 0:59:13]} 16. Be3 {[%clk 0:57:13]}  Nd5 {[%clk 0:58:34]} 17. Bd2 {[%clk 0:57:13]}  Nc7 {[%clk 0:57:25]} 18. Bc4 {[%clk 0:51:11]}  b5 {[%clk 0:52:39]} 19. Bd3 {[%clk 0:48:52]}  a6 {[%clk 0:36:08]} 20. Be4 {[%clk 0:48:08]}  Nd5 {[%clk 0:35:27]} 21. Rxd5 {[%clk 0:48:12]} 1-0

[Event "Open"]
[Site "Maastricht, NL"]
[Date "2024.05.20"]
[Round "6"]
[White "Kunin, Vitaly"]
[Black "Lagarde, Maxime"]
[Result "1-0"]
[Board "1"]
[WhiteFideId "4128737"]
[BlackFideId "662399"]
[WhiteTitle "GM"]
[BlackTitle "GM"]
[WhiteElo "2522"]
[BlackElo "2622"]
[WhiteTeam "GER"]
[BlackTeam "FRA"]
[WhiteClock "0:10:58"]
[BlackClock "0:16:12"]
[Variant "Standard"]

1. d4 {[%clk 2:00:26]}  Nf6 {[%clk 1:56:58]} 2. c4 {[%clk 2:00:08]}  e6 {[%clk 1:57:08]} 3. Nf3 {[%clk 2:00:03]}  b6 {[%clk 1:57:19]} 4. Nc3 {[%clk 1:57:28]}  Bb4 {[%clk 1:57:22]} 5. Qc2 {[%clk 1:57:13]}  Bb7 {[%clk 1:53:48]} 6. a3 {[%clk 1:57:17]}  Bxc3+ {[%clk 1:53:15]} 7. Qxc3 {[%clk 1:57:22]}  d6 {[%clk 1:52:54]} 8. e3 {[%clk 1:53:24]}  Nbd7 {[%clk 1:50:06]} 9. Be2 {[%clk 1:53:28]}  O-O {[%clk 1:44:51]} 10. O-O {[%clk 1:53:22]}  Re8 {[%clk 1:40:24]} 11. b3 {[%clk 1:48:19]}  e5 {[%clk 1:34:20]} 12. dxe5 {[%clk 1:39:29]}  dxe5 {[%clk 1:34:01]} 13. Rd1 {[%clk 1:37:48]}  c5 {[%clk 1:32:07]} 14. Bb2 {[%clk 1:34:41]}  Qc7 {[%clk 1:32:14]} 15. Nh4 {[%clk 1:25:58]}  Re6 {[%clk 1:29:04]} 16. Bf3 {[%clk 1:18:45]}  Bxf3 {[%clk 1:25:29]} 17. Nxf3 {[%clk 1:18:38]}  Rae8 {[%clk 1:20:32]} 18. Qc2 {[%clk 1:11:04]}  e4 {[%clk 1:07:35]} 19. Ng5 {[%clk 1:10:29]}  Ng4 {[%clk 1:05:39]} 20. f4 {[%clk 1:09:34]}  Rg6 {[%clk 0:49:43]} 21. Qd2 {[%clk 1:00:39]}  Ndf6 {[%clk 0:49:33]} 22. Nh3 {[%clk 0:44:37]}  Qc8 {[%clk 0:48:30]} 23. Bxf6 {[%clk 0:41:42]}  Nxf6 {[%clk 0:47:54]} 24. Nf2 {[%clk 0:41:46]}  Ng4 {[%clk 0:41:39]} 25. Nxg4 {[%clk 0:40:33]}  Qxg4 {[%clk 0:41:48]} 26. Ra2 {[%clk 0:39:50]}  a5 {[%clk 0:34:23]} 27. Qd7 {[%clk 0:35:42]}  Rge6 {[%clk 0:32:48]} 28. Rd6 {[%clk 0:30:43]}  Qh4 {[%clk 0:32:42]} 29. g3 {[%clk 0:30:27]}  Qe7 {[%clk 0:28:43]} 30. Qxe7 {[%clk 0:30:21]}  R8xe7 {[%clk 0:28:44]} 31. Rad2 {[%clk 0:28:45]}  Kf8 {[%clk 0:28:10]} 32. a4 {[%clk 0:23:17]}  Rxd6 {[%clk 0:26:56]} 33. Rxd6 {[%clk 0:23:25]}  Re6 {[%clk 0:26:55]} 34. Rxe6 {[%clk 0:22:41]}  fxe6 {[%clk 0:27:01]} 35. g4 {[%clk 0:22:13]}  g6 {[%clk 0:25:38]} 36. Kg2 {[%clk 0:21:51]}  Kf7 {[%clk 0:25:39]} 37. Kg3 {[%clk 0:21:08]}  Kf6 {[%clk 0:25:11]} 38. Kh4 {[%clk 0:20:02]}  h6 {[%clk 0:25:10]} 39. g5+ {[%clk 0:17:31]}  hxg5+ {[%clk 0:17:30]} 40. Kg4 {[%clk 0:17:36]}  gxf4 {[%clk 0:17:36]} 41. Kxf4 {[%clk 0:17:44]}  e5+ {[%clk 0:17:11]} 42. Kxe4 {[%clk 0:16:17]}  Ke6 {[%clk 0:17:17]} 43. h4 {[%clk 0:15:01]}  Kf6 {[%clk 0:17:28]} 44. Kf3 {[%clk 0:11:48]}  Kg7 {[%clk 0:16:27]} 45. Kg4 {[%clk 0:11:19]}  Kh6 {[%clk 0:16:00]} 46. e4 {[%clk 0:11:17]}  Kg7 {[%clk 0:16:12]} 47. Kg5 {[%clk 0:10:58]} 1-0